| 000 | 00468nmm a2200157Ia 4500 | ||
|---|---|---|---|
| 008 | 251105s9999||||xx |||||||||||||||||und|| | ||
| 020 | _a9789562848046 | ||
| 041 | _aspa | ||
| 100 | _aIsrael, Ricardo | ||
| 245 | 0 | _aEl libro de las verdades. Citas citables | |
| 264 |
_a[Santiago de Chile, Chile] : _bRil editores, _c2011 |
||
| 300 | _a194 páginas | ||
| 650 | _aFolklore & Popular Culture | ||
| 856 | _uhttps://public.digitaliapublishing.com/a/18524 | ||
| 942 | _cCF | ||
| 999 |
_c94516 _d94516 |
||